|
|
|
|
| LEADER |
00000nab a2200000 a 4500 |
| 001 |
vtls008983346 |
| 003 |
SK-MaSNL |
| 005 |
20260318124052.0 |
| 008 |
171110c2006 xo wr p 000 c0ukr |
| 015 |
|
|
|a SNBRB2007/04
|
| 038 |
|
|
|a SVKPOCL
|
| 040 |
|
|
|a SVKPO
|b slo
|c SVKPO
|e AACR2
|
| 041 |
0 |
|
|a ukr
|
| 044 |
|
|
|a xo
|c SK
|
| 080 |
|
|
|a 07-051
|2 2001
|
| 080 |
|
|
|a 929 Haluška, Ľudovít
|2 2001
|
| 245 |
0 |
0 |
|a Ljudvih Haluška
|c [avtor] Redakcija
|
| 300 |
|
|
|b Fotogr.
|
| 600 |
1 |
7 |
|a Haluška, Ľudovít
|d 1929-2006
|x nekrológy
|2 svkpocl
|9 1340901
|
| 650 |
0 |
7 |
|a rodáci
|2 snkbucl
|9 30842
|
| 650 |
0 |
7 |
|a žurnalistika
|2 svkpocl
|9 951
|
| 651 |
|
7 |
|a Prešov (Slovensko)
|2 svkpocl
|9 17347
|
| 655 |
|
7 |
|a nekrológy
|2 svkpocl
|9 402542
|
| 773 |
0 |
|
|t Nove žyttja
|g Roč. 56, č. 49-50 (2006), s. 2
|
| 852 |
|
|
|a SVKPO
|b KIS3GCP
|
| 958 |
|
|
|a UK
|
| 958 |
|
|
|a SK
|
| 958 |
|
|
|a BX
|
| 999 |
|
|
|c 2722701
|d 2724631
|